Karṇa - Kuntī saṃlāpa. (Record no. 62356)

MARC details
000 -LEADER
fixed length control field 00653cam a22002411 4500
001 - CONTROL NUMBER
control field sa 65001985
003 - CONTROL NUMBER IDENTIFIER
control field DLC
005 - DATE AND TIME OF LATEST TRANSACTION
control field 20260227112113.0
008 - FIXED-LENGTH DATA ELEMENTS--GENERAL INFORMATION
fixed length control field 850617s1963 ii 000 0 benx
010 ## - LIBRARY OF CONGRESS CONTROL NUMBER
LC control number sa 65001985
025 ## - OVERSEAS ACQUISITION NUMBER
Overseas acquisition number PL480:I-B-1556
035 ## - SYSTEM CONTROL NUMBER
System control number (OCoLC)13891789
040 ## - CATALOGING SOURCE
Original cataloging agency DLC
Transcribing agency NN
Modifying agency DLC
042 ## - AUTHENTICATION CODE
Authentication code premarc
050 00 - LIBRARY OF CONGRESS CALL NUMBER
Classification number PK1718.K3
Item number K3
100 1# - MAIN ENTRY--PERSONAL NAME
Personal name Kara, Bimala,
Dates associated with a name 1921-2003.
245 10 - TITLE STATEMENT
Title Karṇa - Kuntī saṃlāpa.
Statement of responsibility, etc. [Lekhaka] Bimala Kara.
260 ## - PUBLICATION, DISTRIBUTION, ETC.
Place of publication, distribution, etc. Kalakātā,
Name of publisher, distributor, etc. Palāśī;
-- Paribeśaka: Naba Grantha Kuṭira
Date of publication, distribution, etc. [1963]
300 ## - PHYSICAL DESCRIPTION
Extent 69 p.
Dimensions 22 cm.
500 ## - GENERAL NOTE
General note In Bengali.
500 ## - GENERAL NOTE
General note A play.
600 00 - SUBJECT ADDED ENTRY--PERSONAL NAME
Personal name Karna.

No items available.

Powered by Koha